Die Gebruder Skladanowsky [DVD видео] (Запис номер 214484)
[ съкратено ]
| 000 -Лидер | |
|---|---|
| Контролно поле с фиксирана дължина | 01246ngm a2200361 a 4500 |
| 003 - Код на организацията, давaща контролен номер | |
| Контролно поле | BLK |
| 005 - Дата и час на последна редакция | |
| Контролно поле | 20240607114820.0 |
| 008 - Елементи от данни с фиксирана дължина | |
| fixed length control field | 180410b bul||n||s|||||||| mlbulo| |
| 010 ## - Наследен системен номер | |
| LC control number | CDD00000004000 |
| 040 ## - Източник на каталожния запис | |
| Идентификатор на билиотеката - собственик на записа | BLK |
| 041 ## - Код за език | |
| Код за езика на текст/звукозапис или на отделно заглавие | Немски |
| Код за езика КДБФ | Немски |
| 072 #7 - Код за тематичната категория | |
| Код организация | bullib |
| Код за тематична категория | Ф0601 |
| Текст | Игрални филми Ф |
| 080 ## - УДК | |
| Текстов определител УДК | Художествени филмови жанрове |
| УДК код - определител по УДК | 791.221/.228 |
| УДК - код + определител | 791.221/.228 |
| 245 10 - Сведения за заглавието | |
| Заглавие | Die Gebruder Skladanowsky [DVD видео] |
| Подзаглавни данни | Spielfilm |
| Редно поле (дума) | drehbuchaut. und reg. Wim Wenders; darst. Manfred Wopalka; darst. Nadine Buttner; darst. Christoph Merg. |
| 257 ## - Страна на издаване | |
| Страна на създаване/издаване | Германия |
| 260 ## - Област на издателските данни | |
| Име на издателя, разпространителя и проч. | Goethe-Inst. |
| Година на издаване | 2013 |
| Място на издаване, разпространение и проч. | Munchen |
| 300 ## - Физическа характеристика | |
| Страници | 1 DVD |
| Илюстрации и др. | PAL : цв. |
| Размери/Мащаб | 12 см. |
| 306 ## - Продължителност на изпълнението | |
| Времетраене | 121 мин. |
| 380 ## - Жанр | |
| Жанр | Изкуство |
| 505 ## - Форматирана забележка | |
| Подзаглавни данни | TV Dokumentarfilm |
| Заглавие | Room 666 |
| 659 ## - Тематичен бюлетин | |
| Тематичен бюлетин | Ф |
| 700 1# - Други автори (авторска отговорност) | |
| Лично име | Wenders, Wim |
| Автороска отговорност (Описва отношението между автора и произведението) | drehbuchaut. und reg. |
| 9 (RLIN) | 387440 |
| 700 1# - Други автори (авторска отговорност) | |
| Лично име | Wopalka, Manfred |
| Автороска отговорност (Описва отношението между автора и произведението) | darst. |
| 9 (RLIN) | 28364 |
| 700 1# - Други автори (авторска отговорност) | |
| Лично име | Buttner, Nadine |
| Автороска отговорност (Описва отношението между автора и произведението) | darst. |
| 9 (RLIN) | 353134 |
| 700 1# - Други автори (авторска отговорност) | |
| Лично име | Merg, Christoph |
| Автороска отговорност (Описва отношението между автора и произведението) | darst. |
| 9 (RLIN) | 18445 |
| 852 ## - Местоположение | |
| Форматна сигнатура | Цб CD 4018 |
| Част | 1 |
| 856 4# - Електронен адрес и достъп | |
| Електронен формат | pdf - файл |
| Път до файла /url/ | |
| 856 4# - Електронен адрес и достъп | |
| Електронен формат | pdf - файл |
| Път до файла /url/ | |
| 942 ## - АРТИКУЛИ | |
| Вид на библиотечния материал | Компактдискове |
| Скрит в OPAC | Не |
| 944 ## - СЪЗДАВАНЕ И РЕДАКЦИЯ на ЗАПИСА | |
| Създаване/Редакция | Създаване |
| Дата на регистрацията/редакция | 19.05.2011 |
| Служител, извършил регистрацията/редакцията | 30542 |
| Статус, дата на статуса | Русанова Ирена |
| 944 ## - СЪЗДАВАНЕ И РЕДАКЦИЯ на ЗАПИСА | |
| Създаване/Редакция | Редакция |
| Дата на регистрацията/редакция | 27.07.2015 |
| Служител, извършил регистрацията/редакцията | Теодора_Стоянова |
| 999 ## - СИСТЕМНИ КОНТРОЛНИ НОМЕРА | |
| Koha biblionumber | 214484 |
| Koha biblioitemnumber | 214484 |
| 999 ## - СИСТЕМНИ КОНТРОЛНИ НОМЕРА | |
| Koha biblioitemnumber | 214484 |
| Код за отписване | Код за изгубен артикул | Източник на класификационната схема | Код за повреда | Коз за рестрикции | Код за отдаване | Артикулен № | Име на библиотеката - собственик | Име на библиотеката, в която се намира в момента | Статус (Текущо местоположение) | Дата на вписване в системата | Местоположение - отдел | Цена в лева | Инвентарен номер | Систематично азбучна сигнатура | Баркод | Номер на екземпляра | Цена в евро | Служебна бележка | Служебен тип на артикула |
|---|---|---|---|---|---|---|---|---|---|---|---|---|---|---|---|---|---|---|---|
| Не е изгубен | Universal Decimal Classification | Не е повреден | без рестрикции | заемане за дома | 385834 | Регионална библиотека "Любен Каравелов" Русе | Регионална библиотека "Любен Каравелов" Русе | Отдел Изкуство - подръчен фонд | 2000-01-01 | Отдел Изкуство - подръчен фонд | 15.00 | 120000907343 | 791.221/228/W 54 W | 120000907343 | 1 | 7.67 | Дост: DA Вид: А N: стар фонд Дата: 01.01.2000 Съставил: Теодора_Стоянова | Компактдискове |